01321nam a2200337 i 4500003000900000005001700009007000300026008004100029020003100070020001500101040003000116082001400146100004000160240005200200245012700252264005200379300004100431336002700472337003300499338002800532490005100560504002700611590002600638700004100664700004800705700005800753910001400811942001400825952012700839999001700966DO-SdBNP20240827154333.0ta240827s1985 sp a 000 spa d a8434581450 (Obra completa) a8434581876 aDO-SdBNPbspacBNPHUerda 222bV799G1 aViotti, Andread1947-eautor986448 aGaribaldi, the revolutionary and his men /leng14aGaribaldi /cAndrea Viotti ; prólogo Santiago Perinat ; traducción Pilar Bosque Sendra, José Luis Pérez de Arteaga 1aBarcelona, España :bSalvat editores, c1985. a221 páginasbilustracionesc20 cm. 2rdacontentatextobtxt 2rdamediaasin mediaciónbn 2rdacarrieravolumenbnc1 aBiblioteca Salvat de Grandes Biografías v42 aBibliografía p: 221. aInventariado,2024/ YL1 aPerinat, Santiago eprólogo9864191 aBosque Sendra, Pilar etraducción 9689831 aPérez de Arteaga, José Luis etraducción986449 aYLockward 2ddccLBS1 00102ddc56708GRaBNPHUbBNPHUcCTd2008-08-01eDonación l0oBNPHU GR V799Gp2024-5129r2024-08-27w2024-08-27yLBS1 c57566d57566